Türkiye'de İslamcı siyaset (Record no. 1399)

MARC details
000 -BAŞLIK
Sabit Uzunlukta Kontrol Alanı 00649na a2200241 4500
001 - KONTROL NUMARASI
Denetim Alanı 15631
003 - KONTROL NUMARASI IDENTIFIER
Denetim Alanı MIRAKIL
005 - SON İŞLEM TARİHİ VE ZAMANI
Denetim Alanı 20181213154822.0
008 - SABİT-BOY VERİ ELEMANLARI - GENEL BİLGİLER
Sabit Uzunlukta Kontrol Alanı 170623b tu 000 0
020 ## - ULUSLARARASI STANDART KİTAP NUMARASI
Uluslararası Standart Kitap Numarası 9754770107
040 ## - KATALOGLAMA KAYNAK
Orijinal Kataloglama Ajansı Milas
Kataloglama Dili tur
Metne Dönüştürmek Ajansı TR-AnCHP
041 ## - DİL KODU
Metin / Ses Parça Veya Ayrı Başlığın Dil Kodu tur
082 ## - DEWEY ONLU SINIFLANDIRMA NUMARASI
Sınıflandırma Numarası 320.55
Ürün Numarası Ş29t 1992
090 ## - SINIFLAMA NUMARASI
Sınıflama Numarası 320.55 Ş29t 1992
100 ## - ANA GİRİŞ - KİŞİSEL İSİM
Kişisel Ad Şaylan, Gencay
Bir Adıyla İlişkilendirilen Tarihler 1940 -
245 ## - BAŞLIK TABLOSU
Başlık Türkiye'de İslamcı siyaset
Sorumluluk Tablosu, Vb Gencay Şaylan
250 ## - EDITION TABLOSU
Baskı Beyanı gnşl. 2 bs.
260 ## - YAYIN, DAĞITIM, VB
Yayın, Dağıtım, Vb Yeri Ankara
Yayıncı, Dağıtıcı, Vs Adı Verso yayıncılık
Yayın, Dağıtım, Vb Tarihi 1992
300 ## - FİZİKSEL TANIM
Kapsam 250 s.
Boyutlar 19 sm.
650 ## - KONU KATMA GİRİŞ - TOPİKAL DÖNEM
Topikal Süreli Veya Coğrafi Ad Giriş Elemanı Siyasal tarih
Coğrafi Alt Bölümü Türkiye
650 ## - KONU KATMA GİRİŞ - TOPİKAL DÖNEM
Topikal Süreli Veya Coğrafi Ad Giriş Elemanı İslam ve politika
Coğrafi Alt Bölümü Türkiye
942 ## - EKLENDİ GİRİŞ ELEMANLARI (KOHA)
Sınıflandırma Veya Raf Düzeni Kaynak
Koha Öğesi Türü Books
999 ## - SİSTEM KONTROL NUMARALARI (KOHA)
Koha Biblionumber 1399
Koha Biblioitemnumber 1399
Holdings
Kalıcı Konum Mevcut Konum Edinme Tarihi Edinim Kaynak Toplam Check-Out'Lar Tam Çağrı Numarası Barkod Tarih Son Görülme İtibaren Geçerli Fiyatlar Koha Öğesi Türü
CHP Kütüphanesi CHP Kütüphanesi 09/19/2016 Bağış   320.55 Ş29t 1992 005569 09/19/2016 09/19/2016 Books